000
00309nam a2200121Ia 4500
008
220216s9999 xx 000 0 und d
100
_a
Wynne-Evans C
245
0
_a
Determination of free sulphur in hard rubber
260
_b
IRI Transactions
_c
1955
300
_a
126-132
650
_a
Hard rubber
942
_c
JS
999
_c
56889
_d
56889